| 000 | 00737 a2200193 4500 | ||
|---|---|---|---|
| 003 | NUST | ||
| 005 | 20251219143730.0 | ||
| 040 | _cNust | ||
| 082 | _a621.382,IMT | ||
| 100 |
_aImtiaz, Hira (TE-48) _9132508 |
||
| 245 |
_aData Transmission Over GSM Voice Channel / _cNC Hira Imtiaz, NC Ifrah Waheed and PC Badar Mehmood |
||
| 260 |
_aRawalpindi _bMCS (NUST) _cAugust 2015 |
||
| 300 | _axiv, 43 p.; | ||
| 505 | _aIntroduction (Page-1), Literature Review (Page-5), Design and Development (Page-11), Project Analysis and Evaluation (Page-22), Recommendation for Future Work (Page-33), Conclusion (Page-34). | ||
| 650 |
_aUG Project _9131132 |
||
| 651 | _aTE-48 | ||
| 700 |
_aSupervised by Dr. Ashraf Masood _9132413 |
||
| 942 |
_cPR _2ddc |
||
| 999 |
_c217247 _d217247 |
||